LEADER 00798cam0-22002771i-450- 001 990006088350403321 005 19980601 010 $a02-620-6104-X 035 $a000608835 035 $aFED01000608835 035 $a(Aleph)000608835FED01 035 $a000608835 100 $a19980601d1986----km-y0itay50------ba 105 $ay-------001yy 200 1 $aJapanese financial markets$edeficits, dilemmas and deregulation$fRobert Alan Feldman 210 $aCambridge$cThe MIT press$d1986 215 $a245 p.$d23 cm 676 $a332.452$v20$zita 700 1$aFeldman,$bRobert Alan$0231791 801 0$aIT$bUNINA$gRICA$2UNIMARC 901 $aBK 912 $a990006088350403321 952 $aXV L[2] 52$b6867*$fFGBC 959 $aFGBC 996 $aJapanese financial markets$9576815 997 $aUNINA LEADER 01236nam0-2200397---450 001 990005685670203316 005 20220624130557.0 035 $a000568567 035 $aUSA01000568567 035 $a(ALEPH)000568567USA01 035 $a000568567 100 $a20060125d1991----|||y0itaa50------ba 101 $aita 102 $ait 105 $a0 00||| 200 1 $a<> relitto$fRobert Louis Stevenson$gcon la collaborazione di Lloyd Osbourne$gtraduzione di Igor Legati$gnota introduttiva di Barbara Lanati 210 $aTorino$cEinaudi$dcopyr. 1991 215 $aXII, 482 p.$d20 cm 225 2 $a<> struzzi$v420 300 $aTrad. di: The wrecker. 410 0$12001$a<> struzzi$v420 620 $dTORINO 676 $a823.8 700 1$aSTEVENSON,$bRobert Louis$f<1850-1894>$07383 702 1$aLEGATI,$bIgor 702 1$aLANATI,$bBarbara 801 0$aIT$bSA$c20111219 912 $a990005685670203316 950 0$aDipar.to di Filosofia - Salerno$dDFFDC 800 STE$e7565 FIL 951 $aXV.18.B. 562 (FDC 800 STE)$b7565 FIL$cXV.18.B$d536691 959 $aBK 969 $aFDECI 979 $c20121027$lUSA01$h1526 979 $c20121027$lUSA01$h1615 996 $aRelitto$91084250 997 $aUNISA